Government at a Glance 2017

Uložené v:
Podrobná bibliografia
Médium: Kniha
Jazyk:English
Vydavateľské údaje: Paris OECD 2017
Predmet:
Tagy: Pridať tag
Žiadne tagy, Buďte prvý, kto otaguje tento záznam!

MARC

LEADER 00000nam a2200000 4500
001 0240953
005 20221221133838.7
020 |a 978-92-64-26872-2 
022 |a 2221-4380 
041 0 |a eng 
044 |a FR 
245 1 0 |a Government at a Glance 2017 
264 1 |a Paris  |b OECD  |c 2017 
300 |a 277 s. 
610 2 0 |a sektor verejný 
610 2 0 |a správa verejná 
610 2 0 |a správa štátna 
610 2 0 |a reformy 
610 2 0 |a inovácia 
610 2 0 |a transparentnosť 
610 2 0 |a spolupráca medzinárodná 
610 2 0 |a regulácia 
610 2 0 |a financie verejné 
610 2 0 |a zamestnanci 
610 2 0 |a inštitúcie verejnoprávne 
610 2 0 |a rozpočtovanie 
610 2 0 |a riadenie ľudských zdrojov 
610 2 0 |a integrácia 
610 2 0 |a digitalizácia 
610 2 0 |a riadenie rizík 
610 2 0 |a služby verejné 
610 2 0 |a ukazovatele 
610 2 0 |a porovnanie štatistické medzinárodné